000
00320nam a22001217a 4500
040
_c
HS
082
_a
333
100
_a
ខូវ គួង
245
_a
Coastal zone management ការគ្រប់គ្រងតំបន់ឆ្នេរ
260
_a
RUA
_b
ខូវ គួង
_c
2010
300
_a
NA
942
_c
KB
999
_c
9848
_d
9848